[Event "RUS GP rap"]
[Site "Serpukhov"]
[Date "2018.02.24"]
[Round "10"]
[White "Novikov, Konstantin"]
[Black "Kharchenko, Boris"]
[Result "1-0"]
[WhiteElo "2255"]
[BlackElo "2464"]
[PlyCount "83"]
[EventDate "2018.02.23"]
[EventType "swiss (rapid)"]
[EventRounds "11"]
[EventCountry "RUS"]
[SourceTitle "CBM 183 Extra"]
[Source "ChessBase"]
[SourceDate "2018.04.19"]
[SourceVersion "1"]
[SourceVersionDate "2018.04.19"]
[SourceQuality "1"]

1. e4 e5 2. Nf3 Nc6 3. Bb5 a6 4. Ba4 Nf6 5. 0-0 Be7 6. Re1 b5 7. Bb3 d6 8. c3 0-0 9. d4 Bg4 10. Be3 Re8 11. Nbd2 exd4 12. cxd4 d5 13. e5 Ne4 14. a3 Na5 15. Bc2 Nxd2 16. Qxd2 Nc4 17. Qd3 g6 18. Bc1 c5 19. b3 Nb6 20. dxc5 Bxc5 21. Bb2 Rc8 22. Rac1 Bf5 23. Qd2 Bxc2 24. Rxc2 Bf8 25. Rxc8 Qxc8 26. e6 Rxe6 27. Qd4 f6 28. Rc1 Qd8 29. h4 Bg7 30. h5 Re4 31. Qc5 Re7 32. hxg6 hxg6 33. Bd4 Re6 34. Qc3 Qe8 35. Qc7 Nd7 36. Qb7 Qe7 37. Rc7 Qxa3 38. Qxd5 Nf8 39. Rc6 Qe7 40. Bc5 Qb7 41. Nd4 Kh7 42. Nxe6 1-0

[Event "RUS-chT rapid"]
[Site "Sochi"]
[Date "2017.10.03"]
[Round "1.1"]
[White "Novikov, Konstantin"]
[Black "Dubov, Daniil"]
[Result "0-1"]
[WhiteElo "2227"]
[BlackElo "2677"]
[PlyCount "160"]
[EventDate "2017.10.03"]
[EventType "team-swiss (rapid)"]
[EventRounds "9"]
[EventCountry "RUS"]
[SourceTitle "EXT 2018"]
[Source "ChessBase"]
[SourceDate "2017.10.13"]
[SourceVersion "1"]
[SourceVersionDate "2017.10.13"]
[SourceQuality "1"]
[WhiteTeam "Tula Region"]
[BlackTeam "Moscow Fighters for the Idea"]
[WhiteTeamCountry "RUS"]
[BlackTeamCountry "RUS"]

1. e4 g6 2. d4 d6 3. Nc3 Bg7 4. Be3 a6 5. h4 Nf6 6. Be2 h5 7. Bf3 Nc6 8. Qd2 e5 9. Nge2 exd4 10. Nxd4 Ne5 11. Be2 c6 12. 0-0-0 0-0 13. Nf3 Nfg4 14. Nxe5 Nxe3 15. Qxe3 Bxe5 16. f4 Bg7 17. g4 Bxg4 18. Bxg4 hxg4 19. h5 Qe7 20. hxg6 fxg6 21. Rdg1 g5 22. Rxg4 Rxf4 23. Rxf4 gxf4 24. Qxf4 Rf8 25. Qg4 Qe5 26. Kb1 b5 27. Qh3 b4 28. Qh7+ Kf7 29. Nd1 Ke7 30. Qh4+ Kd7 31. Qg4+ Kc7 32. Rg1 Rf7 33. c3 bxc3 34. Nxc3 Kb7 35. Qg6 Qe7 36. Rd1 Be5 37. Qg2 Qe6 38. Qc2 Qc4 39. Qd3 Qb4 40. Rd2 Bxc3 41. Qxc3 Qxe4+ 42. Qd3 Rf1+ 43. Kc2 Qa4+ 44. Qb3+ Qxb3+ 45. Kxb3 d5 46. Rh2 Kb6 47. Rh8 Rf3+ 48. Kc2 c5 49. Rh6+ Kb5 50. a4+ Kxa4 51. Rxa6+ Kb4 52. Ra8 Rf2+ 53. Kc1 d4 54. Ra3 c4 55. Ra8 Rf1+ 56. Kd2 Rf2+ 57. Kc1 Rf5 58. Rb8+ Rb5 59. Ra8 Rf5 60. Rb8+ Kc5 61. Rd8 Rf2 62. Rd7 d3 63. Rd8 Rc2+ 64. Kb1 Rh2 65. Kc1 Rh5 66. Kd2 Kb4 67. Rb8+ Rb5 68. Ra8 Rb6 69. Kc1 Kc5 70. Rd8 Rd6 71. Rc8+ Kd4 72. Kd2 Rd7 73. Rh8 Rb7 74. Rd8+ Kc5 75. Rc8+ Kd5 76. Rd8+ Kc5 77. Rc8+ Kb4 78. Kc1 Kb3 79. Ra8 d2+ 80. Kxd2 Kxb2 0-1

[Event "RUS-ch blitz"]
[Site "Sochi"]
[Date "2017.10.02"]
[Round "4"]
[White "Novikov, Konstantin"]
[Black "Demidov, Mikhail"]
[Result "0-1"]
[WhiteElo "2227"]
[BlackElo "2521"]
[PlyCount "59"]
[EventDate "2017.10.02"]
[EventType "swiss (blitz)"]
[EventRounds "20"]
[EventCountry "RUS"]
[SourceTitle "EXT 2018"]
[Source "ChessBase"]
[SourceDate "2017.10.13"]
[SourceVersion "1"]
[SourceVersionDate "2017.10.13"]
[SourceQuality "1"]

1. e4 e6 2. d4 d5 3. e5 c5 4. c3 Ne7 5. Nf3 Nec6 6. Bd3 b6 7. Qe2 a5 8. 0-0 Ba6 9. Bb5 Qd7 10. a4 Bxb5 11. Qxb5 Na6 12. Qd3 Be7 13. Bg5 Bxg5 14. Nxg5 h6 15. Nf3 0-0 16. Nbd2 Rfc8 17. Rfe1 cxd4 18. Nxd4 Nc5 19. Qg3 Nxd4 20. cxd4 Nxa4 21. Qb3 b5 22. f4 Nb6 23. Nf3 b4 24. Qd3 a4 25. g4 a3 26. bxa3 Rc3 27. Qe2 Rcxa3 28. Rab1 b3 29. Rec1 Nc4 30. Qg2 0-1

[Event "RUS-ch blitz"]
[Site "Sochi"]
[Date "2017.10.02"]
[Round "10"]
[White "Novikov, Konstantin"]
[Black "Potkin, Vladimir"]
[Result "0-1"]
[WhiteElo "2227"]
[BlackElo "2574"]
[PlyCount "100"]
[EventDate "2017.10.02"]
[EventType "swiss (blitz)"]
[EventRounds "20"]
[EventCountry "RUS"]
[SourceTitle "EXT 2018"]
[Source "ChessBase"]
[SourceDate "2017.10.13"]
[SourceVersion "1"]
[SourceVersionDate "2017.10.13"]
[SourceQuality "1"]

1. e4 c5 2. Nf3 e6 3. c3 Nf6 4. e5 Nd5 5. d4 cxd4 6. cxd4 Nc6 7. Bc4 d6 8. 0-0 Be7 9. Qe2 0-0 10. Qe4 Qc7 11. Bd3 f5 12. exf6 Nxf6 13. Qe2 d5 14. Nc3 Bd7 15. Bg5 Rae8 16. Rac1 a6 17. Rfe1 Bd6 18. Qd2 Ng4 19. h3 Rxf3 20. gxf3 Nh2 21. Kg2 Rf8 22. Be2 h6 23. Be3 Qd8 24. f4 Qh4 25. Kxh2 Rxf4 26. Kg1 Nxd4 27. Bxd4 Rxd4 28. Qe3 Bf4 29. Qxd4 Bh2+ 30. Kxh2 Qxd4 31. Kg2 Qb4 32. b3 Qh4 33. Bf3 Qg5+ 34. Kf1 Kh7 35. Rcd1 Qf6 36. Rd3 b5 37. Red1 b4 38. Ne4 Qh4 39. Ng3 Bb5 40. Ke2 Qf6 41. R1d2 Qc3 42. Nf1 Qe5+ 43. Kd1 Qa1+ 44. Ke2 Qf6 45. Ne3 Qh4 46. Bg4 e5 47. Nxd5 e4 48. Ke3 Bxd3 49. Nf4 Qg5 50. f3 Qc5# 0-1

[Event "RUS-ch blitz"]
[Site "Sochi"]
[Date "2017.10.02"]
[Round "7"]
[White "Novikov, Konstantin"]
[Black "Sharafiev, Azat"]
[Result "1/2-1/2"]
[WhiteElo "2227"]
[BlackElo "2433"]
[PlyCount "69"]
[EventDate "2017.10.02"]
[EventType "swiss (blitz)"]
[EventRounds "20"]
[EventCountry "RUS"]
[SourceTitle "EXT 2018"]
[Source "ChessBase"]
[SourceDate "2017.10.13"]
[SourceVersion "1"]
[SourceVersionDate "2017.10.13"]
[SourceQuality "1"]

1. e4 c5 2. Nf3 Nc6 3. c3 d5 4. exd5 Qxd5 5. d4 Bf5 6. Be3 cxd4 7. Nxd4 Nxd4 8. Qxd4 Qxd4 9. Bxd4 Nf6 10. Bb5+ Bd7 11. Bxd7+ Nxd7 12. Nd2 e5 13. Be3 Bc5 14. Nc4 Bxe3 15. Nxe3 0-0-0 16. 0-0-0 Nc5 17. Rxd8+ Rxd8 18. f3 e4 19. fxe4 Nxe4 20. Rf1 f6 21. Rf4 Ng5 22. Rc4+ Kd7 23. Nf5 Ne6 24. Rh4 h6 25. Rg4 g5 26. Ra4 h5 27. Rxa7 Kc6 28. Ra4 Nf4 29. g3 Nd3+ 30. Kc2 Ne1+ 31. Kb3 Rd2 32. Rc4+ Kb6 33. Rb4+ Kc6 34. Rc4+ Kb6 35. Rb4+ 1/2-1/2

[Event "World School-ch U17 12th"]
[Site "Sochi"]
[Date "2016.12.09"]
[Round "7"]
[White "Novikov, Konstantin"]
[Black "Khmelev, Mikhail"]
[Result "1-0"]
[WhiteElo "2323"]
[BlackElo "1919"]
[PlyCount "67"]
[EventDate "2016.12.03"]
[EventType "swiss"]
[EventRounds "9"]
[EventCountry "RUS"]
[SourceTitle "CBM 176 Extra"]
[Source "ChessBase"]
[SourceDate "2017.03.02"]
[SourceVersion "1"]
[SourceVersionDate "2017.03.02"]
[SourceQuality "1"]

1. e4 c5 2. Nf3 Nc6 3. Bb5 g6 4. 0-0 Bg7 5. c3 e5 6. d4 cxd4 7. cxd4 Nxd4 8. Nxd4 exd4 9. Bf4 Ne7 10. Nd2 0-0 11. Bd6 Re8 12. Bc4 Nc6 13. f4 Na5 14. Bd5 Qb6 15. e5 Re6 16. Bxe6 dxe6 17. b4 Nc6 18. a4 Bd7 19. Nc4 Qd8 20. b5 Ne7 21. Bxe7 Qxe7 22. Qxd4 b6 23. Rfd1 Be8 24. Nd6 f6 25. a5 Rb8 26. axb6 axb6 27. Qe4 fxe5 28. Ra8 Qd8 29. Rxb8 Qxb8 30. fxe5 Bf8 31. Qc4 Bd7 32. Ne4 Be8 33. Nf6+ Kg7 34. Qc7+ 1-0

[Event "World School-ch U17 12th"]
[Site "Sochi"]
[Date "2016.12.08"]
[Round "6"]
[White "Shkurkin, Andrey"]
[Black "Novikov, Konstantin"]
[Result "1/2-1/2"]
[WhiteElo "2103"]
[BlackElo "2323"]
[PlyCount "82"]
[EventDate "2016.12.03"]
[EventType "swiss"]
[EventRounds "9"]
[EventCountry "RUS"]
[SourceTitle "CBM 176 Extra"]
[Source "ChessBase"]
[SourceDate "2017.03.02"]
[SourceVersion "1"]
[SourceVersionDate "2017.03.02"]
[SourceQuality "1"]

1. d4 Nf6 2. c4 c5 3. d5 b5 4. Qc2 d6 5. e4 g6 6. Nf3 Bg7 7. cxb5 a6 8. Nc3 0-0 9. a4 Nbd7 10. Bd2 Ne8 11. Rb1 axb5 12. axb5 Nb6 13. Bd3 Bd7 14. 0-0 Nc7 15. Be3 Rb8 16. Nd2 c4 17. Nxc4 Nxc4 18. Bxc4 Nxb5 19. Nxb5 Bxb5 20. Bxb5 Rxb5 21. Rfc1 Qb8 22. b3 Qb7 23. h3 Rb8 24. Qc7 Bf8 25. Ba7 Qxc7 26. Rxc7 Rxb3 27. Rxb3 Rxb3 28. Rc8 f5 29. exf5 gxf5 30. Be3 Kf7 31. Rc4 Rb5 32. Rd4 Bg7 33. Rd1 Rb4 34. f3 Be5 35. Kf1 Rb5 36. Bf2 h5 37. Bh4 Rb4 38. Bf2 Bf6 39. Ke2 Rb2+ 40. Kf1 Rb5 41. Ke2 Rb2+ 1/2-1/2

[Event "OP-2014-0-03549"]
[Site "LSS email"]
[Date "2014.11.10"]
[Round "?"]
[White "Novikov, Konstantin"]
[Black "Vontina, Maria"]
[Result "1-0"]
[WhiteElo "1773"]
[BlackElo "670"]
[PlyCount "43"]
[EventDate "2014.11.04"]
[EventType "tourn (corr)"]
[EventRounds "4"]
[EventCountry "GER"]
[SourceTitle "Corr 2015"]
[Source "ChessBase"]
[SourceDate "2015.07.17"]
[SourceVersion "1"]
[SourceVersionDate "2015.07.17"]
[SourceQuality "1"]

1. d4 Nf6 2. Nc3 d5 3. Bf4 Bf5 4. e3 e6 5. Bd3 Bxd3 6. cxd3 Be7 7. Qb3 b6 8. Nb5 Bd6 9. Bxd6 cxd6 10. Rc1 0-0 11. Nc7 Na6 12. Nxa6 Rc8 13. Rb1 Qd7 14. Ne2 Qb7 15. Qb5 Rc2 16. Nb4 Rc7 17. Qa6 Qb8 18. Nc3 Rfc8 19. 0-0 Nd7 20. Nb5 Rb7 21. Nxd6 Qxd6 22. Qxb7 1-0

[Event "LSS No Engine Cup 102 Final"]
[Site "LSS email"]
[Date "2014.07.30"]
[Round "?"]
[White "Novikov, Konstantin"]
[Black "Jenneborg, Seved"]
[Result "1-0"]
[WhiteElo "1773"]
[BlackElo "1678"]
[PlyCount "141"]
[EventDate "2014.07.31"]
[EventType "tourn (corr)"]
[EventRounds "6"]
[EventCountry "GER"]
[SourceTitle "Corr 2015"]
[Source "ChessBase"]
[SourceDate "2015.07.17"]
[SourceVersion "1"]
[SourceVersionDate "2015.07.17"]
[SourceQuality "1"]

1. d4 Nf6 2. Nc3 d5 3. Bf4 Bf5 4. Nf3 e6 5. Nh4 Nh5 6. Nxf5 Nxf4 7. Ng3 Be7 8. e3 Ng6 9. Be2 c5 10. dxc5 0-0 11. 0-0 Bxc5 12. Na4 Bd6 13. c4 Bxg3 14. hxg3 dxc4 15. Bxc4 Nc6 16. Be2 Rc8 17. Rc1 Qe7 18. a3 Rfd8 19. Qb3 Na5 20. Qb5 Nc6 21. Rfd1 Rxd1+ 22. Rxd1 Qc7 23. Nc5 Nce5 24. b4 b6 25. Ne4 f5 26. Ng5 Nf8 27. Nf3 Nxf3+ 28. gxf3 Qc3 29. Qa6 Rc7 30. Kg2 Qb2 31. Bc4 Qc3 32. Rd4 h6 33. f4 Kf7 34. Qb5 Ke7 35. g4 g6 36. g5 hxg5 37. fxg5 Nd7 38. a4 Qc1 39. Rh4 Qd1 40. Be2 Qd6 41. Rh7+ Kd8 42. Bf3 Nf8 43. Rh4 e5 44. a5 e4 45. Be2 Rc1 46. axb6 axb6 47. Rh8 Ke7 48. Qa6 Qb8 49. Bc4 f4 50. exf4 Rxc4 51. Qxc4 Qxf4 52. Kf1 Qe5 53. Rh4 b5 54. Rxe4 bxc4 55. Rxe5+ Kd6 56. Re8 Ne6 57. Rxe6+ Kxe6 58. Ke2 Kd5 59. f4 Ke6 60. b5 Kd6 61. f5 gxf5 62. g6 c3 63. g7 c2 64. Kd2 Kc5 65. g8Q Kd4 66. Kxc2 f4 67. Qd8+ Ke5 68. Kd3 Kf5 69. Qd5+ Kg4 70. Ke4 Kg3 71. Qg5+ 1-0

[Event "Voronezh op-A 18th"]
[Site "Voronezh"]
[Date "2014.06.14"]
[Round "3"]
[White "Novikov, Konstantin"]
[Black "Deviatkin, Andrei"]
[Result "0-1"]
[WhiteElo "2049"]
[BlackElo "2526"]
[PlyCount "73"]
[EventDate "2014.06.12"]
[EventType "swiss"]
[EventRounds "9"]
[EventCountry "RUS"]
[SourceTitle "CBM 160 Extra"]
[Source "ChessBase"]
[SourceDate "2014.07.01"]
[SourceVersion "1"]
[SourceVersionDate "2014.07.01"]
[SourceQuality "1"]

1. e4 Nf6 2. e5 Nd5 3. d4 d6 4. Nf3 dxe5 5. Nxe5 c6 6. Be2 Bf5 7. 0-0 Nd7 8. Nf3 e6 9. a3 Bd6 10. c4 Nf4 11. Bxf4 Bxf4 12. Nc3 0-0 13. Bd3 Bg4 14. Re1 Nf6 15. h3 Bh5 16. g4 Bg6 17. Bxg6 hxg6 18. Ne5 Nd7 19. Qf3 g5 20. Nxd7 Qxd7 21. Rad1 Rfe8 22. d5 exd5 23. cxd5 Qc7 24. dxc6 bxc6 25. Re4 Rxe4 26. Qxe4 a5 27. Ne2 Be5 28. Rc1 Bxb2 29. Rxc6 Qd7 30. Rh6 Re8 31. Qh7+ Kf8 32. Rb6 Rxe2 33. Qh8+ Ke7 34. Qa8 Qd1+ 35. Kg2 Rxf2+ 36. Kxf2 Bd4+ 37. Kg2 0-1

[Event "LSS No Engine Cup 102 Preliminary 5"]
[Site "LSS email"]
[Date "2014.01.09"]
[Round "?"]
[White "Garcia, Javier N"]
[Black "Novikov, Konstantin"]
[Result "0-1"]
[WhiteElo "813"]
[BlackElo "1758"]
[PlyCount "58"]
[EventDate "2014.01.10"]
[EventType "tourn (corr)"]
[EventRounds "6"]
[EventCountry "GER"]
[SourceTitle "Telechess CBM 167"]
[Source "ChessBase"]
[SourceDate "2015.07.13"]
[SourceVersion "1"]
[SourceVersionDate "2015.07.13"]
[SourceQuality "1"]

1. d4 d5 2. Nf3 Nf6 3. e3 Bg4 4. Be2 e6 5. Ne5 Bxe2 6. Qxe2 Bd6 7. f4 0-0 8. 0-0 c5 9. c3 Nc6 10. Nd2 Qb6 11. b3 cxd4 12. Nxc6 dxc3 13. Nd4 cxd2 14. Bxd2 Ne4 15. Rac1 Rfc8 16. Rxc8+ Rxc8 17. f5 e5 18. Nf3 Rc2 19. Rc1 Qc5 20. Rxc2 Qxc2 21. g4 h5 22. gxh5 Bb4 23. h6 Bxd2 24. hxg7 Qc1+ 25. Kg2 Bxe3 26. Ne1 Qd2 27. Qxd2 Bxd2 28. Nf3 f6 29. Nxd2 Nxd2 0-1

[Event "Tula Region-ch"]
[Site "Tula"]
[Date "2013.10.26"]
[Round "7"]
[White "Novikov, Konstantin"]
[Black "Tuzinskiy, Denis Vasilievich"]
[Result "1-0"]
[WhiteElo "2050"]
[BlackElo "2199"]
[PlyCount "35"]
[EventDate "2013.10.20"]
[EventType "tourn"]
[EventRounds "9"]
[EventCountry "RUS"]
[SourceTitle "EXT 2014"]
[Source "ChessBase"]
[SourceDate "2013.11.20"]
[SourceVersion "1"]
[SourceVersionDate "2013.11.20"]
[SourceQuality "1"]

1. e4 e6 2. d4 d5 3. e5 c5 4. c3 Nc6 5. Nf3 f5 6. Bd3 cxd4 7. cxd4 Bb4+ 8. Bd2 Qb6 9. 0-0 Bxd2 10. Qxd2 Bd7 11. Nc3 a6 12. Bxf5 exf5 13. Nxd5 Qd8 14. Nf4 Qa5 15. Rfd1 0-0-0 16. d5 Qxd2 17. Rxd2 Na5 18. Rc1+ 1-0